000 00963cam a2200217 4500
001 WB@3612-373
008 040721n2004 000 0 eng u
035 _a(Sirsi) u126876
245 _aEmpty homes website
260 _c2004
490 _aRICS News Service
_v16 July 2004 (1)
520 _aRICS has been a core member of a group setting up a website (http://www.embro.co.uk) designed to put prospective landlords and developers in touch with long-term empty properties. The pilot scheme will initially cover the seven west London boroughs of Brent, Ealing, Hammersmith and Fulham, Harrow, Hillingdon, Hounslow and the Royal Borough of Kensington and Chelsea. http://www.rics.org/ricscms/bin/show?class=News&te mplate=/includes/shownews.html&id=9457&faculty=RIC S
590 _aWB
590 _aWB
650 _aEMPTY HOMES
650 _aHOUSING SHORTAGES
650 _aLOCAL AUTHORITIES
650 _aLONDON
690 _aHOUSING
942 _n0
999 _c117736
_d117736